EVERY Billboard Hot 100 #1 Hit of 2012 - Statistics

General Stats
  • This quiz has been taken 25 times
  • The average score is 37 of 52
Answer Stats
Issue Date #1 Hit Artist % Correct
June 23 Call Me Maybe Carly Rae Jepsen
95%
June 30 Call Me Maybe Carly Rae Jepsen
95%
July 7 Call Me Maybe Carly Rae Jepsen
95%
July 14 Call Me Maybe Carly Rae Jepsen
95%
July 21 Call Me Maybe Carly Rae Jepsen
95%
July 28 Call Me Maybe Carly Rae Jepsen
95%
August 4 Call Me Maybe Carly Rae Jepsen
95%
August 11 Call Me Maybe Carly Rae Jepsen
95%
August 18 Call Me Maybe Carly Rae Jepsen
95%
April 28 Somebody That I Used to Know Gotye ft. Kimbra
95%
May 5 Somebody That I Used to Know Gotye ft. Kimbra
95%
May 12 Somebody That I Used to Know Gotye ft. Kimbra
95%
May 19 Somebody That I Used to Know Gotye ft. Kimbra
95%
May 26 Somebody That I Used to Know Gotye ft. Kimbra
95%
June 2 Somebody That I Used to Know Gotye ft. Kimbra
95%
June 9 Somebody That I Used to Know Gotye ft. Kimbra
95%
June 16 Somebody That I Used to Know Gotye ft. Kimbra
95%
March 17 We Are Young fun. ft. Janelle Monáe
85%
March 24 We Are Young fun. ft. Janelle Monáe
85%
March 31 We Are Young fun. ft. Janelle Monáe
85%
April 7 We Are Young fun. ft. Janelle Monáe
85%
April 14 We Are Young fun. ft. Janelle Monáe
85%
April 21 We Are Young fun. ft. Janelle Monáe
85%
February 4 Set Fire to the Rain Adele
80%
February 11 Set Fire to the Rain Adele
80%
January 21 We Found Love Rihanna ft. Calvin Harris
75%
January 28 We Found Love Rihanna ft. Calvin Harris
75%
January 7 Sexy and I Know It LMFAO
70%
January 14 Sexy and I Know It LMFAO
70%
September 1 We Are Never Ever Getting Back Together Taylor Swift
70%
September 8 We Are Never Ever Getting Back Together Taylor Swift
70%
September 22 We Are Never Ever Getting Back Together Taylor Swift
70%
February 18 Stronger (What Doesn't Kill You) Kelly Clarkson
65%
February 25 Stronger (What Doesn't Kill You) Kelly Clarkson
65%
March 10 Stronger (What Doesn't Kill You) Kelly Clarkson
65%
December 22 Locked Out of Heaven Bruno Mars
50%
December 29 Locked Out of Heaven Bruno Mars
50%
March 3 Part of Me Katy Perry
50%
August 25 Whistle Flo Rida
50%
September 15 Whistle Flo Rida
50%
December 1 Diamonds Rihanna
45%
December 8 Diamonds Rihanna
45%
December 15 Diamonds Rihanna
45%
September 29 One More Night Maroon 5
35%
October 6 One More Night Maroon 5
35%
October 13 One More Night Maroon 5
35%
October 20 One More Night Maroon 5
35%
October 27 One More Night Maroon 5
35%
November 3 One More Night Maroon 5
35%
November 10 One More Night Maroon 5
35%
November 17 One More Night Maroon 5
35%
November 24 One More Night Maroon 5
35%
No matching quizzes found
Score Distribution
Percent of People with Each Score
Percentile by Number Answered
Your Score History
You have not taken this quiz